| 000 | 00373nam a22001577a 4500 | ||
|---|---|---|---|
| 003 | SGT | ||
| 020 | _a978-81-317-0482-0 | ||
| 082 |
_a620.3 _bTHO |
||
| 100 | _aTHOMSON,WILLIAM.T. | ||
| 245 | _aTHEORY OF VIBRATION WITH APPLICATION | ||
| 250 | _a5TH | ||
| 260 |
_aNOIDA(U.P) _bKIRTI PRAKASHAN _c2015 |
||
| 300 | _a495 | ||
| 650 | _aMECHANICAL ENGINEERING | ||
| 942 |
_2ddc _cBK |
||
| 999 |
_c14549 _d14549 |
||